| 000 | 01332nam a22002897a 4500 | ||
|---|---|---|---|
| 003 | dpl | ||
| 005 | 20180830124853.0 | ||
| 008 | 180830b xxu||||| |||| 00| 0 eng d | ||
| 010 | _aB-193352 | ||
| 020 |
_c150.00 _a8179320537 |
||
| 035 | _aB-193352, B-193356 | ||
| 037 | _bCen Lib/Ret | ||
| 040 |
_aDPL _bHN _c0 |
||
| 082 |
_aउ _bनाराय |
||
| 100 |
_aनारायण, आर. के _979905 |
||
| 245 |
_aअँधेरा कमरा / _cआर. के नारायण;अनुवादक रमा तिवारी |
||
| 246 |
_aParasmani / _bby R. K. Narayan;anuvadak Rama Tiwari |
||
| 260 |
_aजयपुर _bसाहित्य चन्द्रिका प्रकाशन _c2006 |
||
| 270 |
_a24, न्यू पिंकसिटी मार्किट, सिद्देश्वर महादेव मंदिर के पीछे, पंचवटी, राजापार्क _bजयपुर |
||
| 300 |
_a343पृ. _c21सेमी(सजिल्द) |
||
| 650 |
_a साहित्य--उपन्यास _979906 |
||
| 650 |
_aहिंदी उपन्यास _979907 |
||
| 650 |
_a Literature--Novel _979908 |
||
| 650 |
_aHindi novel _979909 |
||
| 700 |
_aतिवारी, रमा _979910 |
||
| 942 |
_2ddc _cHN _hउ _mनाराय |
||
| 999 |
_c118392 _d118392 |
||